Missing Word: Men in Black 3 Quiz Stats

 Plays Quiz Updated May 29, 2012

Support Sporcle.
Go Orange.
Score 0/20 Timer 04:00
0 Plays Today
% Correct
Josh BrolinTrue
92.5%
Will SmithWild
92.3%
Josh BrolinCountry
91.2%
Tommy Lee JonesNatural
88.7%
Will SmithRobot
84.6%
Will SmithLegend
84.2%
Emma ThompsonNanny
83.9%
Emma ThompsonSensibility
80.4%
Will SmithBoys
75%
Josh BrolinAmerican
72.3%
% Correct
Will SmithSeparation
66.8%
Emma ThompsonActually
61.3%
Emma ThompsonEnd
51.1%
Tommy Lee JonesForever
47.9%
Emma ThompsonFather
43.8%
Tommy Lee JonesJeopardy
42.8%
Josh BrolinHex
32%
Tommy Lee JonesSiege
28.4%
Tommy Lee JonesValley
22.8%
Josh BrolinPlanet
13.4%

Today's Daily Dose

Missing Word
'80s Musicals

Word Ladder
Hereditary

Get the Picture
Food Names

From the Vault

SNL - Will Ferrell Impressions

by Librarysquirrel

It will take some good 'strategery' to get these all correct.
Remove Ads.
Support Sporcle.
Get the best of Sporcle when you Go Orange. This ad-free experience offers more features, more stats, and more fun while also helping to support Sporcle. Thank you for becoming a member.

Show Comments

Extras

Top Quizzes Today


Score Distribution

Your Account Isn't Verified!

In order to create a playlist on Sporcle, you need to verify the email address you used during registration. Go to your Sporcle Settings to finish the process.

Report this User

Report this user for behavior that violates our Community Guidelines.

Details: